Statystyki dla Czy zgadniesz w jakim kraju jest najtańszy iPhone 13?

Kliknij tutaj aby rozwiązać quiz!

Ogólne statystyki

  • Ten quiz został rozwiązany 134 razy
  • Średni wynik to 4 z 10

Statystyki odpowiedzi

PieniądzeKraje% Poprawnych
799 USDUSA
90%
924,32 USDKanada
60%
1103,86 USDRosja
57%
1 446,57 USDBrazylia
47%
900 USDJaponia
46%
1 132,1 USDNorwegia
32%
1 137,82 USDSzwecja
32%
1 419,90 USDTurcja
26%
909,4 USDTajlandia
16%
874,13 USDHongkong
6%

Rozkład punktacji

Percentyl według liczby udzielonych odpowiedzi

Procent ludzi z każdym wynikiem

Twoja historia wyników

Nie rozwiązałeś tego quizu